000 00626cab a2200229 4500
001 WB2617-20
008 090401t1990 xxu||||| |||| 00| 0 eng d
035 _a(Sirsi) u46322
041 _aeng
245 _aStop at the green light
260 _c1990
350 _a0
490 _aDaily Telegraph
_v2/5/90 p31
520 _aReports on the recent closure of Barratt `s energy efficient homes division.
650 _aENERGY CONSERVATION
650 _aHOUSE BUILDING
650 _aNEW HOUSING
650 _aORACLE PROJECT
690 _aENVIRONMENTAL AND LAND CONSULTANCY-ENERGY
942 _n0
948 _c04/03/1997
999 _c29307
_d29307